[Event "EUR-chT Seniors 65"]
[Site "Mali Losinj"]
[Date "2019.09.19"]
[Round "2.2"]
[White "Rooze, Jan"]
[Black "Renman, Nils Gustaf"]
[Result "0-1"]
[WhiteElo "2281"]
[BlackElo "2340"]
[PlyCount "62"]
[EventDate "2019.09.18"]
[EventType "team-swiss"]
[EventRounds "9"]
[EventCountry "CRO"]
[SourceTitle "EXT 2020"]
[Source "ChessBase"]
[SourceDate "2019.10.17"]
[SourceVersion "1"]
[SourceVersionDate "2019.10.17"]
[SourceQuality "1"]
[WhiteTeam "Belgium 65"]
[BlackTeam "Sweden 65"]
[WhiteTeamCountry "BEL"]
[BlackTeamCountry "SWE"]

1. c4 c6 2. Nf3 d5 3. e3 Nf6 4. Nc3 e6 5. b3 Nbd7 6. Bb2 Bd6 7. Qc2 0-0 8. Be2 a6 9. d4 Qe7 10. Rd1 dxc4 11. bxc4 e5 12. 0-0 e4 13. Nd2 Re8 14. Rfe1 Nf8 15. Nf1 Bf5 16. Ng3 Bg6 17. Rb1 h5 18. h3 h4 19. Nf1 N8h7 20. c5 Bc7 21. Bc4 Kh8 22. Ba3 Rab8 23. d5 cxd5 24. Nxd5 Nxd5 25. Bxd5 Ng5 26. Qe2 Nf3+ 27. gxf3 Qg5+ 28. Kh1 Qxd5 29. f4 Bh5 30. Qd2 Bf3+ 31. Kg1 Qf5 0-1

[Event "EUR-chT Seniors 65"]
[Site "Mali Losinj"]
[Date "2019.09.18"]
[Round "1.8"]
[White "Vadlja, Stjepan"]
[Black "Rooze, Jan"]
[Result "0-1"]
[WhiteElo "1636"]
[BlackElo "2281"]
[PlyCount "108"]
[EventDate "2019.09.18"]
[EventType "team-swiss"]
[EventRounds "9"]
[EventCountry "CRO"]
[SourceTitle "EXT 2020"]
[Source "ChessBase"]
[SourceDate "2019.10.17"]
[SourceVersion "1"]
[SourceVersionDate "2019.10.17"]
[SourceQuality "1"]
[WhiteTeam "Mursko Sredisce 65"]
[BlackTeam "Belgium 65"]
[WhiteTeamCountry "CRO"]
[BlackTeamCountry "BEL"]

1. d4 Nf6 2. c4 e6 3. Nc3 Bb4 4. Bd2 0-0 5. Qc2 Nc6 6. Nf3 d5 7. e3 Re8 8. Be2 Bf8 9. a3 g6 10. 0-0 Bg7 11. Rac1 a6 12. b4 Nb8 13. h3 b6 14. Ne1 dxc4 15. Bxc4 Bb7 16. Be2 Nbd7 17. Bf3 Qb8 18. Nb1 Rc8 19. Bc6 e5 20. d5 Rd8 21. e4 Bxc6 22. dxc6 Nf8 23. Bg5 Ne6 24. Nf3 Nxg5 25. Nxg5 Bh6 26. h4 Rd4 27. f3 Qd8 28. Rcd1 Bxg5 29. hxg5 Nh5 30. Rxd4 Qxd4+ 31. Qf2 Qc4 32. Rd1 Qxc6 33. Qd2 Nf4 34. Nc3 Qxc3 35. Qxc3 Ne2+ 36. Kf2 Nxc3 37. Rd7 Rc8 38. Re7 c5 39. Rxe5 cxb4 40. axb4 b5 41. Re7 Na2 42. Ra7 Nxb4 43. Kg3 Rc2 44. Kh3 Ra2 45. Kg3 Nd3 46. Rd7 Rd2 47. Rd8+ Kg7 48. Ra8 b4 49. Rxa6 b3 50. Rb6 b2 51. f4 Rd1 52. f5 gxf5 53. exf5 b1Q 54. f6+ Kg6 0-1

[Event "RLP Seniors op 17th"]
[Site "Neustadt an der Weinstrasse"]
[Date "2019.07.25"]
[Round "6"]
[White "Kargoll, Peter"]
[Black "Rooze, Jan"]
[Result "0-1"]
[WhiteElo "2147"]
[BlackElo "2291"]
[PlyCount "128"]
[EventDate "2019.07.20"]
[EventType "swiss"]
[EventRounds "9"]
[EventCountry "GER"]
[SourceTitle "CBM 192 Extra"]
[Source "Chessbase"]
[SourceDate "2019.11.06"]
[SourceVersion "1"]
[SourceVersionDate "2019.11.06"]
[SourceQuality "1"]

1. d4 Nf6 2. Nf3 c5 3. e3 g6 4. c4 Bg7 5. Nc3 0-0 6. Be2 cxd4 7. Nxd4 Nc6 8. 0-0 d6 9. b3 Bd7 10. Bb2 Qa5 11. Rc1 Rfc8 12. Bf3 Rab8 13. Nxc6 Bxc6 14. Rc2 a6 15. Bxc6 Rxc6 16. Ne2 Rd8 17. Nf4 Rd7 18. Bc3 Qd8 19. Qe2 e6 20. Rfc1 Qe7 21. h3 Rdc7 22. Nd3 Rc8 23. Bb2 Ne4 24. Bxg7 Kxg7 25. Nb4 R6c7 26. Nd3 f5 27. f3 Nf6 28. Qd2 Kf7 29. Kf2 Kg8 30. Ne1 h6 31. Qb4 Rc6 32. Kg1 Nd7 33. Rd1 Ne5 34. Rcd2 Nf7 35. Nc2 Rc5 36. Ne1 a5 37. Qa3 b5 38. Nd3 b4 39. Qa4 R5c7 40. Qxa5 Rb8 41. Nxb4 Rc5 42. Qa3 Qc7 43. Nd3 Ra5 44. Qb2 e5 45. Nc1 Qa7 46. Qc3 f4 47. Kh2 fxe3 48. Re2 e4 49. Qxe3 Qc7 50. f4 Re8 51. Rd4 d5 52. b4 Ra4 53. c5 g5 54. g3 Rf8 55. a3 gxf4 56. Qxf4 Ne5 57. Qe3 Rf3 58. Qg1 Raxa3 59. Rxd5 Rxg3 60. Qxg3+ Ng4+ 61. hxg4 Qxg3+ 62. Kh1 Qh3+ 63. Kg1 Rg3+ 64. Kf2 e3+ 0-1

[Event "RLP Seniors op 17th"]
[Site "Neustadt an der Weinstrasse"]
[Date "2019.07.24"]
[Round "5"]
[White "Rooze, Jan"]
[Black "Cichy, Michael"]
[Result "1-0"]
[WhiteElo "2291"]
[BlackElo "2042"]
[PlyCount "87"]
[EventDate "2019.07.20"]
[EventType "swiss"]
[EventRounds "9"]
[EventCountry "GER"]
[SourceTitle "CBM 192 Extra"]
[Source "Chessbase"]
[SourceDate "2019.11.06"]
[SourceVersion "1"]
[SourceVersionDate "2019.11.06"]
[SourceQuality "1"]

1. e4 c5 2. Nf3 e6 3. d4 cxd4 4. Nxd4 Nc6 5. Nc3 Qc7 6. Be3 a6 7. Qf3 Bd6 8. 0-0-0 Be5 9. g3 Nge7 10. Qe2 Nxd4 11. Bxd4 Bxd4 12. Rxd4 b5 13. Bg2 Bb7 14. Rhd1 Rd8 15. Qd2 Nc6 16. Rd6 Ne5 17. Qg5 Ng6 18. f4 f6 19. Qh5 0-0 20. Qe2 Ne7 21. a3 Nc8 22. R6d3 Nb6 23. Kb1 Qc5 24. Bh3 Qc7 25. Rd4 Bc6 26. Qh5 Rc8 27. Bf1 e5 28. Rd6 Rce8 29. Qf3 Re7 30. Qf2 Qb7 31. R6d2 Rb8 32. Qc5 Nc8 33. Nd5 Bxd5 34. Rxd5 exf4 35. gxf4 Qb6 36. Qb4 d6 37. Qb3 Kf8 38. Qh3 h6 39. R1d4 Qc7 40. Qf5 Rf7 41. Qh7 Nb6 42. Rxd6 Ke7 43. Qg6 Nc4 44. Rd7+ 1-0

[Event "RLP Seniors op 17th"]
[Site "Neustadt an der Weinstrasse"]
[Date "2019.07.20"]
[Round "1"]
[White "Rooze, Jan"]
[Black "Baerthel, Klaus"]
[Result "1-0"]
[WhiteElo "2291"]
[BlackElo "1874"]
[PlyCount "45"]
[EventDate "2019.07.20"]
[EventType "swiss"]
[EventRounds "9"]
[EventCountry "GER"]
[SourceTitle "CBM 192 Extra"]
[Source "Chessbase"]
[SourceDate "2019.11.06"]
[SourceVersion "1"]
[SourceVersionDate "2019.11.06"]
[SourceQuality "1"]

1. e4 c5 2. Nf3 Nc6 3. Bb5 g6 4. Bxc6 bxc6 5. 0-0 Bg7 6. Re1 d6 7. h3 e6 8. e5 d5 9. b3 Ba6 10. Nc3 c4 11. Ba3 Ne7 12. Na4 Bb5 13. Nc5 Qc7 14. bxc4 Bxc4 15. d3 Bb5 16. Qc1 a5 17. c4 dxc4 18. dxc4 Ba6 19. Rd1 Bc8 20. Ne4 0-0 21. Bd6 Qa7 22. Qg5 Re8 23. Nf6+ 1-0

[Event "WchT Seniors 65"]
[Site "Rhodes"]
[Date "2019.04.19"]
[Round "4.9"]
[White "Jones, Iolo Cerredig"]
[Black "Rooze, Jan"]
[Result "0-1"]
[WhiteElo "2187"]
[BlackElo "2261"]
[PlyCount "114"]
[EventDate "2019.04.16"]
[EventType "team-swiss"]
[EventRounds "9"]
[EventCountry "GRE"]
[SourceTitle "CBM 190 Extra"]
[Source "ChessBase"]
[SourceDate "2019.07.15"]
[SourceVersion "1"]
[SourceVersionDate "2019.07.15"]
[SourceQuality "1"]
[WhiteTeam "Wales"]
[BlackTeam "Belgium"]
[WhiteTeamCountry "WLS"]
[BlackTeamCountry "BEL"]

1. c4 c5 2. g3 Nc6 3. Bg2 g6 4. Nc3 Bg7 5. e3 Nh6 6. Nge2 Nf5 7. 0-0 a6 8. d3 Rb8 9. Na4 d6 10. Nac3 Bd7 11. a4 0-0 12. Rb1 Na7 13. e4 Nd4 14. Nxd4 cxd4 15. Ne2 b5 16. axb5 axb5 17. b3 bxc4 18. dxc4 Nc6 19. Bd2 Qb6 20. Nf4 Rfc8 21. Nd3 Na5 22. Bb4 Nb7 23. Bd2 Nc5 24. Nxc5 dxc5 25. Re1 Ra8 26. Bf1 Ra2 27. Bd3 Rca8 28. Bg5 h6 29. Bf4 e5 30. Bd2 h5 31. h4 Qf6 32. Be2 Kh7 33. Bg5 Qb6 34. Bf3 R8a3 35. Bc1 Ra7 36. Re2 Be6 37. Reb2 Rxb2 38. Rxb2 Ra1 39. Qd2 Qb7 40. Ra2 Rb1 41. Rb2 Ra1 42. Ra2 Qxb3 43. Rxa1 Qxf3 44. Ra3 Qxe4 45. f3 Qb1 46. Ra5 Qb3 47. Rxc5 Qxf3 48. Qf2 Qd1+ 49. Qf1 Qg4 50. Qe1 Qf3 51. Qf2 Qd1+ 52. Qf1 Qb3 53. Kh2 Qb1 54. Kg1 Qb6 55. Rb5 Qc6 56. c5 Bh3 57. Qe2 d3 0-1

[Event "Wch Seniors 65 28th"]
[Site "Bled"]
[Date "2018.11.20"]
[Round "3"]
[White "Praznik, Anton"]
[Black "Rooze, Jan"]
[Result "0-1"]
[WhiteElo "2104"]
[BlackElo "2288"]
[PlyCount "84"]
[EventDate "2018.11.18"]
[EventType "swiss"]
[EventRounds "11"]
[EventCountry "SLO"]
[SourceTitle "CBM 187 Extra"]
[Source "ChessBase"]
[SourceDate "2018.11.04"]
[SourceVersion "1"]
[SourceVersionDate "2018.11.04"]
[SourceQuality "1"]

1. e4 c5 2. Nf3 d6 3. Bb5+ Nc6 4. Bxc6+ bxc6 5. 0-0 Bg4 6. h3 Bh5 7. d3 e6 8. Nbd2 Nf6 9. Re1 Nd7 10. b3 Be7 11. Bb2 0-0 12. Qe2 Rb8 13. Nf1 d5 14. Ng3 Bg6 15. Ne5 Nxe5 16. Bxe5 Rb7 17. Rad1 Rd7 18. Bc3 Bd6 19. e5 Be7 20. Qg4 Kh8 21. Re2 Bh4 22. Rf1 Bxg3 23. fxg3 Rg8 24. Ref2 Qc7 25. Qe2 h6 26. Rf4 Rgd8 27. Rh4 Kg8 28. Qe1 Re8 29. Ba5 Qb8 30. Bd2 c4 31. bxc4 Qb2 32. d4 Rb7 33. cxd5 cxd5 34. Kh2 Qxc2 35. Bxh6 Rb2 36. Rg1 gxh6 37. Qe3 Qd2 38. Qf3 Rc8 39. Rg4 Qc2 40. Qf6 Qf5 41. Qe7 Rcc2 42. Qd7 Qf3 0-1

[Event "Wch Seniors 65 28th"]
[Site "Bled"]
[Date "2018.11.18"]
[Round "1"]
[White "Danielsson, Robert"]
[Black "Rooze, Jan"]
[Result "1/2-1/2"]
[WhiteElo "1968"]
[BlackElo "2288"]
[PlyCount "112"]
[EventDate "2018.11.18"]
[EventType "swiss"]
[EventRounds "11"]
[EventCountry "SLO"]
[SourceTitle "CBM 187 Extra"]
[Source "ChessBase"]
[SourceDate "2018.11.04"]
[SourceVersion "1"]
[SourceVersionDate "2018.11.04"]
[SourceQuality "1"]

1. d4 Nf6 2. c4 e6 3. Nc3 Bb4 4. Qb3 c5 5. dxc5 Nc6 6. Nf3 Ne4 7. Bd2 Nxd2 8. Nxd2 0-0 9. g3 Bxc5 10. Bg2 b6 11. 0-0 Bb7 12. Rac1 f5 13. e3 Rc8 14. Rfd1 Qc7 15. a3 Ne5 16. Nb5 Qb8 17. Qc3 Bxg2 18. Kxg2 a6 19. Nd4 Qb7+ 20. Kg1 Bd6 21. b4 Rf7 22. N4b3 Bb8 23. Qd4 g5 24. c5 b5 25. Rc3 Rg7 26. Rdc1 Nc6 27. Qd3 Be5 28. R3c2 f4 29. Qe4 Qc7 30. Nf3 Rf8 31. Nbd4 Bxd4 32. exd4 Rf5 33. g4 Rd5 34. Rd2 a5 35. bxa5 Qxa5 36. Rd3 Qa4 37. Rb1 Rf7 38. Rdb3 Rf8 39. Rxb5 Qxa3 40. R5b3 Qa4 41. Kg2 Qc4 42. Rb7 Rd8 43. Re1 Re8 44. Rb2 Ra8 45. Rd2 Ra3 46. h4 gxh4 47. Rh1 Ne7 48. Rc2 Qd3 49. Qxd3 Rxd3 50. Rxh4 Nc6 51. Rc1 Nxd4 52. Nxd4 R3xd4 53. c6 dxc6 54. Rxc6 Rd6 55. Rxd6 Rxd6 56. Kf3 e5 1/2-1/2

[Event "Aalborg Larsen Memorial"]
[Site "Aalborg"]
[Date "2018.10.19"]
[Round "7"]
[White "Rooze, Jan"]
[Black "Christensen, Jan"]
[Result "0-1"]
[WhiteElo "2313"]
[BlackElo "2207"]
[PlyCount "120"]
[EventDate "2018.10.13"]
[EventType "swiss"]
[EventRounds "7"]
[EventCountry "DEN"]
[SourceTitle "CBM 186 Extra"]
[Source "ChessBase"]
[SourceDate "2018.08.24"]
[SourceVersion "1"]
[SourceVersionDate "2018.08.24"]
[SourceQuality "1"]

1. e4 e5 2. Nf3 Nc6 3. Bc4 Bc5 4. 0-0 Nf6 5. d3 d6 6. c3 a6 7. a4 Ba7 8. Re1 h6 9. Nbd2 0-0 10. Nf1 Be6 11. Bxe6 fxe6 12. Be3 Bxe3 13. Rxe3 Qe7 14. b4 Nd7 15. Ng3 Rf6 16. b5 axb5 17. axb5 Na5 18. d4 b6 19. Qd3 Raf8 20. Ra2 Qf7 21. Rd2 Qe7 22. h3 R6f7 23. Nf1 g5 24. N1h2 Rg7 25. dxe5 dxe5 26. Ng4 Qc5 27. Nxh6+ Kh7 28. Ng4 Nc4 29. Nxg5+ Rxg5 30. Qxd7+ Rg7 31. Qxe6 Nxd2 32. Qh6+ Kg8 33. Qe6+ Kh8 34. Qh6+ Rh7 35. Qg5 Qe7 36. Qg6 Nc4 37. Rg3 Qd6 38. Qg5 Qe6 39. Rd3 Nd6 40. Nxe5 Rg8 41. Qf4 Qh6 42. Qf3 Re8 43. Ng4 Qc1+ 44. Kh2 Qg5 45. Rd5 Qg6 46. Nf6 Rf8 47. e5 Ne8 48. Rd8 Re7 49. Qf4 Kg7 50. Qb4 Rxe5 51. Ng4 Re4 52. Rd4 Rxd4 53. Qxd4+ Kh7 54. Ne5 Qf5 55. Qh4+ Kg8 56. Ng4 Qg6 57. Qg3 Nf6 58. Qxc7 Nxg4+ 59. hxg4 Qh7+ 60. Qxh7+ Kxh7 0-1

[Event "Aalborg Larsen Memorial"]
[Site "Aalborg"]
[Date "2018.10.17"]
[Round "5"]
[White "Rooze, Jan"]
[Black "Hess, Christian"]
[Result "0-1"]
[WhiteElo "2313"]
[BlackElo "2225"]
[PlyCount "64"]
[EventDate "2018.10.13"]
[EventType "swiss"]
[EventRounds "7"]
[EventCountry "DEN"]
[SourceTitle "CBM 186 Extra"]
[Source "ChessBase"]
[SourceDate "2018.08.24"]
[SourceVersion "1"]
[SourceVersionDate "2018.08.24"]
[SourceQuality "1"]

1. Nf3 Nf6 2. c4 c6 3. e3 g6 4. b4 Bg7 5. Bb2 0-0 6. d4 d6 7. Nc3 Bf5 8. Be2 Ne4 9. Nxe4 Bxe4 10. 0-0 c5 11. b5 Nd7 12. Ng5 cxd4 13. Bxd4 Bxg2 14. Kxg2 e5 15. Nh3 exd4 16. exd4 Qh4 17. f4 Rac8 18. Qd3 Rfe8 19. Bf3 Rc7 20. Rad1 Nf6 21. Rf2 Ng4 22. Re2 Rxe2+ 23. Bxe2 Re7 24. Bxg4 Qxg4+ 25. Kh1 Re3 26. Qxe3 Qxd1+ 27. Kg2 Bxd4 28. Qe8+ Kg7 29. Qd7 Qe2+ 30. Kg3 h5 31. Ng5 Bf2+ 32. Kh3 Qf1# 0-1